Daniele ; Jephte

Main Author: Carissimi, Giacomo, 1605-1674
Other Authors: Ebel, Barbara, Gross, Theresia, Hirtreiter, Andreas, Hirtreiter, Bernhard, 1966-, Hoffmann, Hubert, Mehltretter, Florian, 1963-, Spägele, Mona, Weimann, Alexander, 1965-
Language: Italian
Latin
Published: Praha : Antiphona, [1994]
Physical Description: 1 CD ; 12 cm + 1 brožura (19 s.).
Audio
Saved in:
LEADER 01670njm a2200421 a 4500
001 000267174
003 CZ BrMZK
005 20091008133214.0
008 010907s1994 xr f lat d
028 0 3 |a AA0013-2231  |b Antiphona 
040 |a BOA001  |b cze 
041 1 |a lat  |a ita 
080 |a 784/785"16"(086.7)  |2 MRF 
080 |a 783.3"16"(086.7)  |2 MRF 
100 1 |a Carissimi, Giacomo,  |d 1605-1674  |7 jn19990001329  |4 cmp 
245 1 0 |a Daniele ;  |b Jephte  |h [zvukový záznam] /  |c Giacomo Carissimi. 
260 |a Praha :  |b Antiphona,  |c [1994] 
300 |a 1 CD ;  |c 12 cm +  |e 1 brožura (19 s.). 
306 |a 011256 
500 |a Text skladeb v brož. vícejaz. 
500 |a Nahr. 1993 
500 |a Durata 62:56 
511 0 |a Barbara Ebel, soprán; Theresia Groß, soprán; Mona Spägele, soprán ... [et al.]. Carissimi-Consort, München, dir. Alexander Weimann. 
653 0 |a oratoria  |a renesanční hudba  |a vokálně-instrumentální hudba 
700 1 |a Ebel, Barbara  |7 mzk2009512111  |4 prf 
700 1 |a Gross, Theresia  |7 mzk2009512112  |4 prf 
700 1 |a Hirtreiter, Andreas  |7 mzk2009512113  |4 prf 
700 1 |a Hirtreiter, Bernhard,  |d 1966-  |7 mzk2009512114  |4 prf 
700 1 |a Hoffmann, Hubert  |7 mzk2009512115  |4 prf 
700 1 |a Mehltretter, Florian,  |d 1963-  |7 mzk2009539522  |4 prf 
700 1 |a Spägele, Mona  |7 mzk2009539523  |4 prf 
700 1 |a Weimann, Alexander,  |d 1965-  |7 mzk2009539524  |4 cnd  |4 prf 
740 0 2 |a Jephte 
910 |a BOA001  |b CD-0003.388 
964 |a Hudba vokálně-instrumentální  |z stol.17.  |x CD 
964 |a Oratoria  |z stol.17.  |x CD 
990 |a AV 
996 6 |b 261H003424  |c CD-0003.388  |l MZK  |r Sklad / do 24 hodin  |n 0  |w 000267174  |u 000010  |a 1  |e BOA001  |j MZK50  |s P